00371nam a2200145Ia 4500008004100000020001500041041001200056082001600068100001600084245005000100260003800150300000800188650001700196700001200213221030s9999 xx 000 0 und d a0070965188 aEnglish a105.23bMot aV. L. Mote 0aManagerial Economicscby V. L. Mote, S. Paul bMcGraw-Hill Pub.aNew Delhic2000 a351 aBE Economics aS. Paul